[Event "ICS rated blitz match"]
[Site "204.178.125.65"]
[Date "2001.08.18"]
[Round "?"]
[White "monsoon"]
[Black "Hossa"]
[Result "1-0"]
[WhiteElo "2617"]
[BlackElo "2548"]
[PlyCount "109"]
[EventDate "2001.??.??"]

1. e4 g6 2. d4 d6 3. Nc3 Bg7 4. Be3 a6 5. Qd2 Nf6 6. O-O-O b5 7. a3 O-O 8. Nf3
d5 9. e5 Ne4 10. Nxe4 dxe4 11. Ng5 Qd5 12. Be2 Bb7 13. c4 bxc4 14. Nxe4 Qb5 15.
Bf3 Rd8 16. a4 Qe8 17. Qb4 Bd5 18. Nd6 cxd6 19. Bxd5 Nc6 20. Qb6 Rdc8 21. e6 f5
22. Qb7 Ra7 23. Qb6 Raa8 24. Qb7 Ra7 25. Qb6 Rac7 26. a5 Qf8 27. f4 Qf6 28. h4
Nd8 29. Bd2 Kh8 30. Bc3 Nxe6 31. g3 Nf8 32. Bb7 Nd7 33. Qxa6 Rb8 34. Bf3 Qe6
35. Rde1 Qf7 36. h5 gxh5 37. Rxh5 Nf8 38. Rh3 Bf6 39. Rh6 Kg8 40. Rh5 Bg7 41.
Rh4 Bh8 42. g4 Ng6 43. Rh5 Nxf4 44. Rxf5 Nd3+ 45. Kb1 Qe8 46. Bd5+ Kg7 47. Ref1
Nb4 48. Rf7+ Kg6 49. Be4+ Kg5 50. Bd2+ Kh4 51. Rxh7+ Qh5 52. Rxh5+ Kg3 53. Bf4+
Kxg4 54. Rg5+ Kh4 55. Rh1# {Hossa checkmated} 1-0

[Event "ICS rated blitz match"]
[Site "204.178.125.65"]
[Date "2001.08.18"]
[Round "?"]
[White "Hossa"]
[Black "monsoon"]
[Result "1-0"]
[WhiteElo "2535"]
[BlackElo "2630"]
[PlyCount "125"]
[EventDate "2001.??.??"]

1. e4 e5 2. Nf3 Nc6 3. Bb5 a6 4. Bxc6 dxc6 5. d3 f6 6. O-O Ne7 7. Be3 Ng6 8. d4
Bg4 9. c3 exd4 10. cxd4 Nh4 11. Nbd2 Qe7 12. Qb3 Nxf3+ 13. Nxf3 Qb4 14. Qc2
Bxf3 15. gxf3 O-O-O 16. f4 Kb8 17. Rab1 Bd6 18. a4 h5 19. Ra1 h4 20. f3 Qa5 21.
Bd2 Qh5 22. b4 Qh6 23. b5 cxb5 24. axb5 Bxf4 25. Bxf4 Qxf4 26. bxa6 h3 27. Kh1
Qg5 28. Rfb1 Qg2+ 29. Qxg2 hxg2+ 30. Kxg2 b6 31. d5 Rh4 32. Rc1 Rdh8 33. h3 c5
34. dxc6 Rc8 35. e5 fxe5 36. Kg3 Rh6 37. a7+ Ka8 38. c7 Rg6+ 39. Kf2 Rf6 40.
Ra6 e4 41. Ke3 exf3 42. Kf2 g6 43. h4 Re6 44. Kxf3 Rf8+ 45. Kg4 Rc8 46. Kg5 Rd6
47. Rc3 Re6 48. Rc2 Rd6 49. Kh6 Rf6 50. h5 gxh5+ 51. Kg7 Rd6 52. Kf7 Rh6 53.
Ke7 Rh7+ 54. Kd6 b5 55. Ra5 b4 56. Rb5 Rh6+ 57. Kd7 Rhh8 58. Rb8+ Rxb8 59.
axb8=R+ Rxb8 60. Kc6 b3 61. Rc4 Rb5 62. Ra4+ Ra5 63. Rxa5# {monsoon checkmated}
1-0

[Event "ICS Rated blitz match"]
[Site "204.178.125.65"]
[Date "2001.08.18"]
[Round "?"]
[White "Hossa"]
[Black "monsoon"]
[Result "0-1"]
[WhiteElo "2574"]
[BlackElo "2591"]
[PlyCount "130"]
[EventDate "2001.??.??"]

1. d4 Nf6 2. Nc3 d5 3. e4 Nxe4 4. Nxe4 dxe4 5. Bc4 Bf5 6. Ne2 Nc6 7. O-O e6 8.
Bb5 Bd6 9. Ng3 Bg6 10. d5 exd5 11. Qxd5 O-O 12. Bxc6 bxc6 13. Qxc6 f5 14. Rd1
Qh4 15. Bd2 Rad8 16. Qd5+ Kh8 17. Bc3 Qe7 18. Qb5 f4 19. Nf1 e3 20. Qe2 exf2+
21. Qxf2 Be4 22. Bd4 f3 23. g3 c5 24. Be3 Rfe8 25. Re1 Qf7 26. Nd2 Bc6 27. Nb3
c4 28. Nd4 Be4 29. Rf1 Rf8 30. Nb5 Be5 31. Bc5 Rfe8 32. Rae1 Qb7 33. Bxa7 Bxb2
34. a4 c3 35. Be3 Qc6 36. Bf4 Bd5 37. Nc7 Rxe1 38. Rxe1 Bf7 39. Nb5 Bg6 40. Be3
Qc4 41. Qxf3 Qxa4 42. Nd4 Bxc2 43. Ne6 Rg8 44. Bd4 Qe8 45. Bxc3 Bxc3 46. Qxc3
Qc8 47. Nc5 Bf5 48. Rf1 Bh3 49. Re1 Rf8 50. Ne4 Qf5 51. Qd3 Qa5 52. Qe2 Re8 53.
Qf2 Qe5 54. Re2 Bg4 55. Re1 h6 56. Re3 Bh5 57. Qf4 Bg6 58. Qg4 Bxe4 59. Qe2 g5
60. Qd1 Ra8 61. Qd7 Qb2 62. Re2 Qc1+ 63. Qd1 Qxd1+ 64. Kf2 Rf8+ 65. Ke3 Qd3# {
Hossa checkmated} 0-1

[Event "ICS rated blitz match"]
[Site "204.178.125.65"]
[Date "2001.08.18"]
[Round "?"]
[White "Hossa"]
[Black "ChesterX"]
[Result "0-1"]
[WhiteElo "2559"]
[BlackElo "2699"]
[PlyCount "127"]
[EventDate "2001.??.??"]

1. Nf3 Nf6 2. c4 g6 3. g3 Bg7 4. Bg2 O-O 5. d4 c6 6. O-O d5 7. Ne5 Be6 8. cxd5
Bxd5 9. Bxd5 cxd5 10. Nc3 Qb6 11. Na4 Qb5 12. Bf4 Rc8 13. Rc1 Nbd7 14. Rxc8+
Rxc8 15. Nf3 Ne4 16. b3 Qa5 17. Qd3 b5 18. Nb2 a6 19. Ra1 e6 20. Qd1 Qb6 21.
Be3 Nc3 22. Qd3 b4 23. Rc1 Nf6 24. a4 Ng4 25. Kg2 Rc6 26. h3 Nf6 27. Ne5 Rc7
28. f3 Ne8 29. Bd2 f6 30. Ng4 f5 31. Nh6+ Kf8 32. Be3 Nd6 33. Bg5 Nb7 34. e3
Na5 35. Qc2 Rc6 36. Qf2 Nxb3 37. Rc2 Qc7 38. Qe1 a5 39. Rf2 e5 40. Nd3 exd4 41.
Rb2 Nc5 42. Nxc5 Rxc5 43. exd4 Rc6 44. Rd2 Qd7 45. Qf2 Rc4 46. h4 Nxa4 47. Re2
Nc3 48. Be7+ Qxe7 49. Rxe7 Kxe7 50. Qe3+ Kd7 51. Ng8 b3 52. Qe7+ Kc6 53. Qa3 a4
54. g4 Nb5 55. Qe7 b2 56. Qe8+ Kb6 57. Qe1 Rc1 58. Qe6+ Ka5 59. Qxd5 b1=Q 60.
Qd8+ Nc7 61. gxf5 Qb2+ 62. Kh3 Rh1+ 63. Kg4 Rg1+ 64. Kf4 {Hossa resigns} 0-1

[Event "ICS rated blitz match"]
[Site "204.178.125.65"]
[Date "2001.08.18"]
[Round "?"]
[White "ChesterX"]
[Black "Hossa"]
[Result "1-0"]
[WhiteElo "2709"]
[BlackElo "2549"]
[PlyCount "179"]
[EventDate "2001.??.??"]

1. e4 e5 2. Nf3 Nf6 3. Nc3 Nc6 4. g3 Bc5 5. Bg2 O-O 6. Nxe5 Nxe5 7. d4 Bxd4 8.
Qxd4 d6 9. Bf4 Nc6 10. Qd2 Re8 11. O-O Ne5 12. b3 b6 13. Bg5 Ba6 14. Rfe1 h6
15. Bf4 Re6 16. Rad1 Rb8 17. Nd5 Bb7 18. Qc3 Ng6 19. Qxc7 Nxd5 20. Qxd8+ Rxd8
21. exd5 Nxf4 22. dxe6 Nxg2 23. Re5 f6 24. Re2 Bf3 25. Red2 Bxd1 26. Rxd1 Re8
27. Kxg2 Rxe6 28. h4 f5 29. Rd5 g6 30. h5 Kf7 31. Kf3 a6 32. hxg6+ Kxg6 33. a4
Kg5 34. c4 Kf6 35. a5 bxa5 36. Rxa5 Re1 37. Rxa6 Ke5 38. Ra5+ Ke6 39. Ra8 Rb1
40. Rb8 Rb2 41. Ke3 Ke5 42. f3 Rb1 43. Rb5+ Ke6 44. Rb6 Rc1 45. Kf4 Rc2 46. Rb8
Rc3 47. Re8+ Kf6 48. Re3 Rc1 49. Rd3 Ke6 50. Ke3 Rg1 51. Kf2 Rb1 52. f4 h5 53.
Ke3 Rb2 54. Kd4 Rb1 55. c5 dxc5+ 56. Kxc5 Rc1+ 57. Kd4 Rf1 58. Ke3 Re1+ 59. Kf2
Rb1 60. Kf3 Rf1+ 61. Ke2 Rg1 62. Re3+ Kd6 63. b4 Rb1 64. Re5 Rxb4 65. Rxf5 Rb3
66. Kf2 Rb2+ 67. Kf3 Rh2 68. Rf6+ Kd5 69. Ra6 Kc5 70. f5 Rc2 71. f6 Kd5 72. f7
Rc8 73. Kf4 Rf8 74. Kg5 Ke5 75. Kg6 Kd5 76. Kg7 Rd8 77. f8=Q Rxf8 78. Kxf8 Ke4
79. Kf7 Kf5 80. Re6 Kg5 81. Rf6 Kg4 82. Kg6 h4 83. gxh4 Kxh4 84. Kf5 Kg3 85.
Kg5 Kh3 86. Kf4 Kg2 87. Kg4 Kh2 88. Kf3 Kg1 89. Kg3 Kh1 90. Rf1# {
Hossa checkmated} 1-0

[Event "ICS rated blitz match"]
[Site "204.178.125.65"]
[Date "2001.08.18"]
[Round "?"]
[White "Hossa"]
[Black "ChesterX"]
[Result "0-1"]
[WhiteElo "2540"]
[BlackElo "2718"]
[PlyCount "115"]
[EventDate "2001.??.??"]

1. Nf3 Nf6 2. g3 b5 3. Bg2 Bb7 4. O-O e6 5. d3 Be7 6. e4 d6 7. a3 O-O 8. Qe2 c5
9. b4 Nc6 10. c3 e5 11. Bd2 a5 12. bxc5 dxc5 13. Be3 b4 14. Rd1 b3 15. Nfd2 a4
16. Nc4 Bc8 17. Nbd2 Ng4 18. Nf1 Be6 19. h3 Nf6 20. Nfd2 Rb8 21. Nb2 Qa5 22.
Ndc4 Bxc4 23. Nxc4 Qxc3 24. Rac1 Nd4 25. Qf1 Nc2 26. Qe2 Rfd8 27. Bh1 Ne8 28.
Bg2 f6 29. h4 Nc7 30. Bh3 Kh8 31. h5 Nb5 32. Bg4 h6 33. Kg2 Rb7 34. Kh1 Ra7 35.
Kh2 Ra6 36. Kh1 Rc6 37. Kg2 Nbd4 38. Bxd4 cxd4 39. Bf5 Rxc4 40. dxc4 Bxa3 41.
Rb1 d3 42. Qg4 Qxc4 43. Qg6 Qg8 44. Qg4 Qe8 45. Rd2 Bb4 46. Rdd1 Na3 47. Bg6
Qg8 48. f4 Nxb1 49. Rxb1 Qc4 50. Kh3 a3 51. Ra1 b2 52. Qd1 bxa1=Q 53. Qxa1 d2
54. Qd1 a2 55. fxe5 Qc1 56. Qxd2 Bxd2 57. exf6 Qh1+ 58. Kg4 {Hossa resigns} 0-1

[Event "ICS rated blitz match"]
[Site "204.178.125.65"]
[Date "2001.08.18"]
[Round "?"]
[White "ChesterX"]
[Black "Hossa"]
[Result "1-0"]
[WhiteElo "2726"]
[BlackElo "2532"]
[PlyCount "130"]
[EventDate "2001.??.??"]

1. e4 e5 2. Nf3 Nc6 3. d4 exd4 4. Nxd4 Nf6 5. Nc3 Bb4 6. Nxc6 Bxc3+ 7. bxc3
bxc6 8. Bg5 h6 9. Bxf6 Qxf6 10. Qd4 Qg6 11. Qe5+ Kd8 12. f3 Re8 13. Qd4 f5 14.
e5 c5 15. Qd5 Qc6 16. O-O-O Qxd5 17. Rxd5 c6 18. Rxc5 Kc7 19. f4 d6 20. exd6+
Kxd6 21. Ra5 Re1+ 22. Kd2 Ra1 23. c4 c5 24. Rg1 a6 25. Ra3 Be6 26. Ra4 Rd8 27.
Rxa6+ Ke7+ 28. Ke3 Bxc4 29. Bxc4 Rxg1 30. Kf3 Rd4 31. Ra7+ Kd6 32. Ra6+ Kc7 33.
Bd3 g5 34. g3 gxf4 35. Rxh6 fxg3 36. hxg3 Rg4 37. Rh3 Ra4 38. Rh7+ Kd6 39. Rh6+
Ke5 40. Kf2 Rd1 41. Rh5 Rxa2 42. Kf3 Kd6 43. Rxf5 Ra8 44. g4 Rg1 45. g5 Rg8 46.
Kf4 R8xg5 47. Rxg5 Rxg5 48. Kxg5 Ke5 49. c3 Ke6 50. Kf4 Kd6 51. Bc4 Kc7 52. Ke5
Kc6 53. Bd3 c4 54. Bxc4 Kc5 55. Bd5 Kb6 56. Kd6 Ka7 57. c4 Kb6 58. c5+ Kb5 59.
c6 Kb4 60. c7 Kc3 61. c8=Q+ Kd2 62. Ke5 Ke3 63. Qc5+ Kd2 64. Kd4 Ke2 65. Qc2+
Kf1 {Hossa resigns} 1-0

[Event "ICS rated blitz match"]
[Site "204.178.125.65"]
[Date "2001.08.18"]
[Round "?"]
[White "Hossa"]
[Black "trinity"]
[Result "1-0"]
[WhiteElo "2524"]
[BlackElo "2091"]
[PlyCount "59"]
[EventDate "2001.??.??"]

1. e4 e5 2. Nf3 Nc6 3. Bb5 Nf6 4. Qe2 Be7 5. c3 d6 6. d4 Bd7 7. O-O O-O 8. dxe5
Nxe5 9. Nxe5 dxe5 10. Bxd7 Qxd7 11. Rd1 Qg4 12. f3 Bc5+ 13. Be3 Bxe3+ 14. Qxe3
Qe6 15. Na3 a6 16. b3 Rfc8 17. Rd2 Qe7 18. Nc2 a5 19. Rad1 Re8 20. Qf2 Qe6 21.
Ne3 a4 22. b4 Qc6 23. Rd3 a3 24. Nf5 Kh8 25. Qg3 Nh5 26. Qg5 Qg6 27. Qd2 Nf4
28. Rd7 Qg5 29. g3 f6 30. h4 {trinity resigns} 1-0

[Event "ICS Rated blitz match"]
[Site "204.178.125.65"]
[Date "2001.08.18"]
[Round "?"]
[White "Hossa"]
[Black "autoplayer"]
[Result "1/2-1/2"]
[WhiteElo "2517"]
[BlackElo "2591"]
[PlyCount "37"]
[EventDate "2001.??.??"]

1. d4 d5 2. c4 dxc4 3. Nf3 Nf6 4. Nc3 c6 5. a4 Bf5 6. e3 e6 7. Bxc4 Bb4 8. O-O
Nbd7 9. Qb3 a5 10. Na2 Be7 11. Qxb7 Rb8 12. Qa6 Ra8 13. Qxc6 Rc8 14. Qa6 Ra8
15. Qb7 Rb8 16. Qa7 Ra8 17. Qb7 Rb8 18. Qa7 Ra8 19. Qb7 {
Game drawn by repetition} 1/2-1/2

[Event "ICS rated blitz match"]
[Site "204.178.125.65"]
[Date "2001.08.18"]
[Round "?"]
[White "autoplayer"]
[Black "Hossa"]
[Result "1-0"]
[WhiteElo "2588"]
[BlackElo "2520"]
[PlyCount "85"]
[EventDate "2001.??.??"]

1. d4 d5 2. Nf3 Nf6 3. Bf4 c6 4. e3 Bg4 5. Nbd2 e6 6. Be2 Be7 7. O-O Nbd7 8. c4
Nh5 9. Be5 f6 10. h3 Bxf3 11. Bxf3 fxe5 12. Bxh5+ g6 13. Bg4 Kf7 14. Rc1 Bf6
15. cxd5 exd5 16. Qb3 Nb6 17. a4 Rb8 18. dxe5 Bxe5 19. f4 Bf6 20. e4 Bd4+ 21.
Kh2 Kg7 22. Rcd1 Rf8 23. Nf3 Bf6 24. e5 Bh4 25. Nd4 Re8 26. g3 Kh8 27. gxh4
Qxh4 28. a5 Nc4 29. Qc3 a6 30. b3 Na3 31. f5 h5 32. Be2 Qe4 33. e6 Qe5+ 34. Kh1
Kg8 35. Rg1 Qe4+ 36. Bf3 Qh4 37. Rxg6+ Kh8 38. Nxc6+ d4 39. Rxd4 Qe1+ 40. Qxe1
Re7 41. Qe5+ Kh7 42. Rh4 Rbe8 43. Rxh5# {Hossa checkmated} 1-0

[Event "ICS rated blitz match"]
[Site "204.178.125.65"]
[Date "2001.08.18"]
[Round "?"]
[White "Hossa"]
[Black "monsoon"]
[Result "0-1"]
[WhiteElo "2507"]
[BlackElo "2607"]
[PlyCount "91"]
[EventDate "2001.??.??"]

1. Nf3 Nf6 2. g3 d5 3. Bg2 c6 4. c4 g6 5. cxd5 cxd5 6. d4 Bg7 7. O-O O-O 8. Nc3
Ne4 9. Nxe4 dxe4 10. Ng5 Qxd4 11. Qxd4 Bxd4 12. Rd1 Nc6 13. Bxe4 Bg7 14. Bd5
Nd4 15. Rd2 h6 16. Nf3 Rd8 17. Be4 f5 18. Nxd4 fxe4 19. Nb3 Be6 20. Nc5 Bd5 21.
Rd1 g5 22. Be3 b6 23. Na4 Bc4 24. Rxd8+ Rxd8 25. Kf1 b5 26. Nc3 b4 27. Nxe4
Bxb2 28. Rb1 Ba3 29. Ra1 a5 30. Nd2 Bf7 31. Nb3 a4 32. Nc5 Bb2 33. Re1 a3 34.
h4 gxh4 35. gxh4 Bxa2 36. Bxh6 b3 37. Nb7 Rd4 38. Be3 Bc3 39. Bxd4 Bxe1 40.
Kxe1 b2 41. Kd2 b1=Q 42. Na5 Qe4 43. Kc3 Qd5 44. Bb6 Qb5 45. Bd4 e5 46. Bb6 {
Hossa resigns} 0-1

[Event "ICS rated blitz match"]
[Site "204.178.125.65"]
[Date "2001.08.18"]
[Round "?"]
[White "Tinker"]
[Black "Hossa"]
[Result "1-0"]
[WhiteElo "2335"]
[BlackElo "2495"]
[PlyCount "133"]
[EventDate "2001.??.??"]

1. e4 e5 2. Nf3 Nc6 3. Bb5 Na5 4. d4 exd4 5. Qxd4 a6 6. Be2 Nc6 7. Qe3 Be7 8.
O-O d6 9. e5 Bf5 10. exd6 cxd6 11. Na3 Nf6 12. Bd2 d5 13. Bd3 Ne4 14. Nc4 Bc5
15. Qe2 O-O 16. Ne3 Bg6 17. Bxe4 dxe4 18. Ne1 Qg5 19. c3 Bh5 20. Qc4 Rfd8 21.
Bc1 Qe5 22. Kh1 b5 23. f4 Qe7 24. Qb3 Qa7 25. g4 Bxe3 26. gxh5 Bxc1 27. Rxc1
Qe3 28. Ng2 Qc5 29. h6 g6 30. c4 Nd4 31. Qh3 bxc4 32. Ne3 Rab8 33. Rxc4 Qb6 34.
b3 f5 35. Ra4 Qc6 36. Qg2 Rd6 37. Rc4 Qd7 38. Rfc1 Ne6 39. Qf2 Rd2 40. Qg3 Rd8
41. a3 Rd3 42. Rc6 Rxb3 43. Rxa6 Qd2 44. Re1 Nxf4 45. Rc6 Rxa3 46. Rc2 Qa5 47.
Rg1 Nh5 48. Qg5 Ra1 49. Qxd8+ Qxd8 50. Rxa1 f4 51. Ng4 e3 52. Rb2 Nf6 53. Nxf6+
Kf7 54. Ng4 Qh4 55. Rg2 Ke6 56. Ra3 Kd5 57. Ra5+ Kd6 58. Ra6+ Kc5 59. Rc2+ Kb5
60. Ra1 Kb4 61. Ne5 Kb3 62. Raa2 Qxh6 63. Rab2+ Ka3 64. Rb7 Qf8 65. Nc4+ Ka4
66. Ra2+ Qa3 67. Rxa3# {Hossa checkmated} 1-0

[Event "ICS Rated blitz match"]
[Site "204.178.125.65"]
[Date "2001.08.18"]
[Round "?"]
[White "Hossa"]
[Black "Tinker"]
[Result "0-1"]
[WhiteElo "2472"]
[BlackElo "2372"]
[PlyCount "99"]
[EventDate "2001.??.??"]

1. Nf3 Nf6 2. c4 c5 3. Nc3 e6 4. d4 d5 5. cxd5 Nxd5 6. dxc5 Be7 7. Nxd5 exd5 8.
Qa4+ Nc6 9. Be3 O-O 10. h4 Bf6 11. O-O-O Bf5 12. Qf4 Be4 13. Nd2 Be5 14. Qg4
Qf6 15. Nxe4 Bxb2+ 16. Kb1 dxe4 17. Bg5 Qe5 18. Bf4 Qf6 19. Bg5 Qe5 20. Bf4
Qxc5 21. Kxb2 Qb4+ 22. Ka1 Qc3+ 23. Kb1 Nb4 24. Rc1 Qa3 25. Rc2 f5 26. Qg5 Nxc2
27. Be5 Rf7 28. Bb2 Qb4 29. g3 Na3+ 30. Ka1 Nc2+ 31. Kb1 e3 32. Bg2 Na3+ 33.
Ka1 Nc4 34. Bd4 Na3 35. Bb2 Nc2+ 36. Kb1 h6 37. Qf4 Na3+ 38. Ka1 Nc2+ 39. Kb1
exf2 40. Kxc2 Rc8+ 41. Kb1 Qe1+ 42. Bc1 Rfc7 43. Bd5+ Kh8 44. Kb2 Rxc1 45. Rxe1
fxe1=Q 46. Bb3 Rb1+ 47. Ka3 b5 48. Qa4 Qc1+ 49. Kb4 Qc3+ 50. Kxb5 {
Hossa resigns} 0-1

[Event "ICS rated blitz match"]
[Site "204.178.125.65"]
[Date "2001.08.18"]
[Round "?"]
[White "Tinker"]
[Black "Hossa"]
[Result "1-0"]
[WhiteElo "2392"]
[BlackElo "2452"]
[PlyCount "110"]
[EventDate "2001.??.??"]

1. e4 e5 2. Nf3 Nc6 3. Bb5 a6 4. Ba4 Nf6 5. d4 exd4 6. e5 Ne4 7. Nxd4 Nxe5 8.
Qe2 Qh4 9. Nf3 Nxf3+ 10. gxf3 b5 11. Bb3 Bb7 12. fxe4 Qxe4 13. Qxe4+ Bxe4 14.
O-O Bb4 15. Bd2 Be7 16. Nc3 Bf5 17. Nd5 Bd6 18. Rfe1+ Kf8 19. Ba5 Rc8 20. Re3
Be6 21. Rae1 f5 22. Rc3 Bxd5 23. Bxd5 c6 24. Bg2 Be7 25. Rf3 g6 26. Bc3 Rg8 27.
Rh3 h5 28. Rd3 d5 29. Re6 b4 30. Bd2 g5 31. Rde3 f4 32. R3e5 Rc7 33. Rxe7 Rxe7
34. Bxb4 Rgg7 35. c4 dxc4 36. Bxc6 h4 37. Kf1 g4 38. Re4 f3 39. Bxe7+ Rxe7 40.
Rf4+ Rf7 41. Rxg4 c3 42. bxc3 Rc7 43. Rc4 Ke7 44. Bd5 Rxc4 45. Bxc4 a5 46. Bd5
Kd6 47. Bxf3 Kc5 48. Be2 Kd5 49. Kg2 Ke4 50. Kh3 Kd5 51. Kxh4 Kc5 52. Kg5 Kd6
53. h4 Ke7 54. Bc4 Kf8 55. Kf6 Ke8 {Hossa resigns} 1-0

[Event "ICS Rated blitz match"]
[Site "204.178.125.65"]
[Date "2001.08.18"]
[Round "?"]
[White "Hossa"]
[Black "Tinker"]
[Result "1-0"]
[WhiteElo "2457"]
[BlackElo "2414"]
[PlyCount "93"]
[EventDate "2001.??.??"]

1. e4 e5 2. Nf3 Nc6 3. d4 exd4 4. Nxd4 Bb4+ 5. c3 Nxd4 6. Qxd4 Bf8 7. Bc4 d6 8.
O-O c6 9. Bf4 Bg4 10. Na3 Qd7 11. f3 Be6 12. Rfd1 Nf6 13. Bxe6 fxe6 14. Bxd6
Bxd6 15. Qxd6 Qxd6 16. Rxd6 Ke7 17. Rad1 Rad8 18. Rxd8 Rxd8 19. Rxd8 Kxd8 20.
Kf2 b5 21. c4 a6 22. Nc2 Kc7 23. Nd4 Kd6 24. c5+ Kd7 25. Ke3 a5 26. Kf4 Ng8 27.
h4 Nh6 28. Ke3 a4 29. g4 Nf7 30. f4 e5 31. Nf3 exf4+ 32. Kxf4 Kc7 33. Nd4 Nd8
34. Kf5 Kd7 35. e5 Nb7 36. e6+ Ke8 37. Ke5 Nxc5 38. Kd6 Ne4+ 39. Kxc6 a3 40.
bxa3 Nc3 41. Nxb5 Nxb5 42. Kxb5 Ke7 43. a4 Kxe6 44. Kc6 Ke5 45. a5 Kf4 46. a6
Kxg4 47. a7 {Tinker resigns} 1-0

[Event "ICS rated blitz match"]
[Site "204.178.125.65"]
[Date "2001.08.18"]
[Round "?"]
[White "Tinker"]
[Black "Hossa"]
[Result "0-1"]
[WhiteElo "2400"]
[BlackElo "2471"]
[PlyCount "66"]
[EventDate "2001.??.??"]

1. e4 c5 2. Nf3 e6 3. d4 cxd4 4. Nxd4 a6 5. Bd3 Nf6 6. O-O d6 7. c4 g6 8. Nc3
Bg7 9. Be3 O-O 10. Re1 Bd7 11. Bg5 Nc6 12. Nxc6 Bxc6 13. e5 dxe5 14. Rxe5 Qd4
15. Bxf6 Bxf6 16. Re3 Bg5 17. Rh3 e5 18. Be2 Rfd8 19. Qf1 e4 20. Rd1 Qe5 21.
Kh1 Rxd1 22. Nxd1 Rd8 23. Rb3 Rd2 24. Qe1 Bf4 25. Nc3 e3 26. fxe3 Qxe3 27. Qg1
Rxe2 28. Nxe2 Qxe2 29. Rc3 Be5 30. Rc1 Bxb2 31. Rb1 Qc2 32. Re1 Bc3 33. Re7 Bd4
{Tinker resigns} 0-1

[Event "ICS rated blitz match"]
[Site "204.178.125.65"]
[Date "2001.08.18"]
[Round "?"]
[White "Hossa"]
[Black "NewHal9000"]
[Result "0-1"]
[WhiteElo "2484"]
[BlackElo "2695"]
[PlyCount "115"]
[EventDate "2001.??.??"]

1. d4 Nf6 2. c4 e6 3. Nf3 d5 4. e3 c5 5. cxd5 exd5 6. Be2 Nc6 7. Nc3 Bg4 8. O-O
Rc8 9. Kh1 Be7 10. dxc5 O-O 11. Nd4 Bxe2 12. Ncxe2 Bxc5 13. Bd2 Bxd4 14. Nxd4
Nxd4 15. exd4 Qb6 16. Bc3 Ne4 17. Qf3 Nxc3 18. bxc3 Qa5 19. Rfc1 b6 20. Rc2
Rfe8 21. Kg1 Re4 22. Qf5 Rce8 23. f3 Re3 24. Rac1 Qb5 25. a4 Qb3 26. g4 a6 27.
Qd7 R3e7 28. Qc6 Re6 29. Qd7 Re3 30. Qc6 R3e7 31. Rd2 Re6 32. Qd7 Qc4 33. Rb2
Qd3 34. Kg2 h5 35. Qxd5 hxg4 36. Rf2 Re2 37. Rcf1 Qg6 38. Rxe2 Rxe2+ 39. Rf2
gxf3+ 40. Kxf3 Re8 41. Kf4 Qg1 42. Qa2 Re6 43. Qd2 Qg6 44. Qc2 Qh5 45. d5 Qh4+
46. Kf3 Re5 47. Qd2 Qh3+ 48. Kf4 f6 49. Rg2 g5+ 50. Rxg5+ Rxg5 51. Qe2 Rf5+ 52.
Ke4 Re5+ 53. Kd4 Rxe2 54. Kc4 Qxh2 55. Kd3 Rd2+ 56. Ke4 Qe5+ 57. Kf3 Qxd5+ 58.
Ke3 {Hossa resigns} 0-1

[Event "ICS rated blitz match"]
[Site "204.178.125.65"]
[Date "2001.08.18"]
[Round "?"]
[White "ChesterX"]
[Black "Hossa"]
[Result "1-0"]
[WhiteElo "2733"]
[BlackElo "2477"]
[PlyCount "266"]
[EventDate "2001.??.??"]

1. d4 Nf6 2. c4 e6 3. Nf3 d5 4. Nc3 Be7 5. Bf4 O-O 6. e3 c5 7. dxc5 Bxc5 8.
cxd5 Nxd5 9. Nxd5 exd5 10. a3 Nc6 11. Bd3 Bb6 12. O-O Bg4 13. h3 Bh5 14. b4 Re8
15. b5 Ne5 16. Bxe5 Bxf3 17. Qxf3 Rxe5 18. a4 Qh4 19. Rfc1 Ba5 20. Bf5 Qd8 21.
Bg4 g6 22. Qf4 Re4 23. Qg3 d4 24. Rd1 Bb4 25. Rac1 Bf8 26. Rc4 Bd6 27. Qf3 Qe7
28. Rdxd4 Rxd4 29. Rxd4 Rd8 30. Qe2 Qf6 31. Bf3 b6 32. Bd5 Be5 33. Rd1 Rc8 34.
Bc6 Bd6 35. Qg4 Rd8 36. Kf1 Qe7 37. Qd4 Qg5 38. Bd5 Bc7 39. Kg1 Bd6 40. a5 Qh5
41. axb6 axb6 42. e4 Bc7 43. Rc1 Qe5 44. Qxe5 Bxe5 45. Rc6 Rd6 46. Rc7 Rf6 47.
Rd7 Kf8 48. f3 Bg3 49. Kf1 g5 50. Rb7 Be5 51. Ke2 Kg7 52. Kd3 Bg3 53. Bc6 Bf2
54. e5 Re6 55. Ke4 Bg3 56. Rxb6 Rxe5+ 57. Kd3 Re6 58. Rb7 Kf6 59. Ra7 Re1 60.
Be4 Rb1 61. Ra6+ Kg7 62. b6 Rb2 63. b7 f5 64. Bd5 h6 65. Ra8 Bd6 66. g4 fxg4
67. hxg4 Rb5 68. Ke4 Kf6 69. Re8 Bf4 70. Kd4 Kg7 71. Re7+ Kf6 72. Re6+ Kg7 73.
Be4 Kf7 74. Rxh6 Ke7 75. Kc4 Rb2 76. Rh8 Kd7 77. Ra8 Rb6 78. Rc8 Bg3 79. Rh8
Kc7 80. Bd5 Kd7 81. Kd3 Bf4 82. Kc4 Bg3 83. Rc8 Bf4 84. Kd3 Rb1 85. Be4 Ke6 86.
Kd4 Rb4+ 87. Kc3 Rb6 88. Kc4 Ke7 89. Rg8 Kd7 90. Bd5 Rb2 91. Rc8 Rb6 92. Kd4
Rb4+ 93. Kc3 Rb6 94. Rg8 Be5+ 95. Kc4 Bf4 96. Kd3 Rb5 97. Be4 Rb4 98. Ra8 Rb3+
99. Kd4 Rb4+ 100. Kc3 Rb6 101. Bd5 Rb5 102. Kc4 Rb2 103. Rf8 Ke7 104. Rf7+ Kd6
105. Be4 Be5 106. Rf8 Kd7 107. Ra8 Bd6 108. Rg8 Bf4 109. Rc8 Bc7 110. Kd3 Bf4
111. Kd4 Rb4+ 112. Kc3 Rb6 113. Rg8 Kc7 114. Rg7+ Kd6 115. Kc4 Rb2 116. Rg6+
Kc7 117. Rf6 Rb6 118. Rf7+ Kd6 119. Rf8 Kd7 120. Bd5 Rb1 121. Rxf4 gxf4 122.
Kd4 Kd6 123. g5 Rb4+ 124. Kc3 Rb1 125. g6 Kxd5 126. g7 Rxb7 127. g8=Q+ Kd6 128.
Qf8+ Ke6 129. Qxf4 Rf7 130. Qc4+ Kf6 131. f4 Rd7 132. Qc6+ Ke7 133. f5 Kd8 {
Hossa resigns} 1-0

[Event "ICS rated blitz match"]
[Site "204.178.125.65"]
[Date "2001.08.18"]
[Round "?"]
[White "Hossa"]
[Black "ChesterX"]
[Result "0-1"]
[WhiteElo "2471"]
[BlackElo "2739"]
[PlyCount "74"]
[EventDate "2001.??.??"]

1. e4 g6 2. d4 Bg7 3. Be3 d6 4. Qd2 Nf6 5. f3 O-O 6. Nc3 c6 7. Bd3 e5 8. dxe5
dxe5 9. O-O-O Be6 10. h4 b5 11. h5 Nxh5 12. g4 Nf6 13. Bc5 Re8 14. Qh2 Nbd7 15.
Bd6 Qb6 16. Qh4 Rad8 17. g5 Nh5 18. Bf1 Nc5 19. Be2 Nb7 20. Bb4 a5 21. Rxd8
Qxd8 22. Ba3 b4 23. f4 exf4 24. Bxh5 bxa3 25. Bxg6 axb2+ 26. Kxb2 Qb6+ 27. Kc1
Qe3+ 28. Kb1 Qxc3 29. Bxh7+ Kf8 30. e5 Nc5 31. Qf2 Rb8+ 32. Kc1 Na4 33. Kd1
Bg4+ 34. Nf3 Bxf3+ 35. Qxf3 Qxf3+ 36. Kd2 Qe3+ 37. Kd1 Rb1# {Hossa checkmated}
0-1

[Event "ICS rated blitz match"]
[Site "204.178.125.65"]
[Date "2001.08.18"]
[Round "?"]
[White "Hossa"]
[Black "xypher"]
[Result "0-1"]
[WhiteElo "2465"]
[BlackElo "2707"]
[PlyCount "125"]
[EventDate "2001.??.??"]

1. d4 d5 2. Bg5 Nf6 3. Nc3 Nbd7 4. Nf3 h6 5. Bxf6 Nxf6 6. e3 e6 7. Bd3 Bd6 8.
O-O a6 9. e4 dxe4 10. Nxe4 Nxe4 11. Bxe4 Qf6 12. c4 O-O 13. c5 Be7 14. Qc2 Rd8
15. Rad1 c6 16. Bh7+ Kh8 17. Bd3 Qf4 18. Rfe1 Kg8 19. Bh7+ Kf8 20. Re4 Qc7 21.
Ne5 Bg5 22. Nc4 g6 23. Nb6 Rb8 24. Nxc8 Rbxc8 25. Bxg6 fxg6 26. Rxe6 Qf7 27.
Rxg6 Rd5 28. h4 Rf5 29. g4 Rf6 30. Rxf6 Bxf6 31. Qd2 Qg7 32. Qf4 Rd8 33. Kg2
Kg8 34. h5 Bxd4 35. b4 Rd5 36. Qe4 Qf6 37. f4 Kg7 38. Rd3 Kf8 39. Kf3 Rd7 40.
Qf5 Qxf5 41. gxf5 Ke7 42. Ke4 Ba1 43. Rb3 Kf6 44. Rb1 Bc3 45. Rb3 Re7+ 46. Kf3
Be1 47. a3 Kxf5 48. Rd3 a5 49. bxa5 Bxa5 50. Rd4 Bc3 51. Rc4 Bd2 52. Rd4 Bc1
53. Rc4 Bxa3 54. Rc3 Bb2 55. Rc4 Rd7 56. Rb4 Ba3 57. Rc4 Rd3+ 58. Ke2 Rd5 59.
Kf3 Bxc5 60. Rc3 b5 61. Rc1 b4 62. Rc2 b3 63. Rc1 {Hossa resigns} 0-1

[Event "ICS rated blitz match"]
[Site "204.178.125.65"]
[Date "2001.08.18"]
[Round "?"]
[White "monsoon"]
[Black "Hossa"]
[Result "1-0"]
[WhiteElo "2639"]
[BlackElo "2459"]
[PlyCount "157"]
[EventDate "2001.??.??"]

1. e4 c5 2. Nf3 e6 3. d4 cxd4 4. Nxd4 a6 5. Nc3 Nc6 6. g3 Bc5 7. Be3 Qb6 8. Na4
Qa5+ 9. c3 Bxd4 10. Bxd4 Nxd4 11. Qxd4 e5 12. Qb4 Qxb4 13. cxb4 b5 14. Nb6 Rb8
15. Nxc8 Rxc8 16. a4 bxa4 17. Bxa6 Rc2 18. Bd3 Rxb2 19. Rxa4 Ke7 20. Ra5 Kd6
21. b5 Nf6 22. O-O Rc8 23. Ra6+ Ke7 24. Ra7 Rc3 25. Rd1 Rb4 26. Bf1 Rxe4 27.
Rb1 Rc8 28. b6 Kd6 29. b7 Rb8 30. Ba6 Kc7 31. Rc1+ Kd6 32. Ra8 Rxb7 33. Bxb7
Rb4 34. Rd1+ Ke7 35. Bg2 e4 36. Ra7 g5 37. f3 exf3 38. Bxf3 Rb6 39. g4 Ke6 40.
Re1+ Kd6 41. Ra5 h6 42. Rf5 Kc7 43. Re7 Ra6 44. Kg2 Rd6 45. Kg3 Ra6 46. Rxf7
Ne8 47. Rc5+ Kd8 48. Rb5 Nd6 49. Rb8+ Kc7 50. Rff8 Ra3 51. Rb4 Re3 52. Kf2 Re5
53. Rh8 Re6 54. Kg3 Nf7 55. Ra8 Ne5 56. Be4 Kd6 57. Rd4+ Kc7 58. Ra7+ Kb8 59.
Rb7+ Kc8 60. Bd5 Rd6 61. Rb5 Kc7 62. Rd1 Ra6 63. Rb7+ Kd8 64. Rd4 Ke7 65. Kg2
Kf6 66. Rb2 Ra5 67. Rb6+ Kg7 68. Rd6 Rc5 69. Re4 Rc2+ 70. Kf1 Nxg4 71. Rxg4
Rxh2 72. Re4 h5 73. Re8 g4 74. Rg8+ Kh7 75. Rg5 Rf2+ 76. Kxf2 g3+ 77. Kg2 h4
78. Bg8+ Kh8 79. Rh6# {Hossa checkmated} 1-0